Los intereses de la Francia mal entendidos (Record no. 8593)

MARC details
000 -CABECERA
campo de control de longitud fija 01074nam a2200241 a 4500
001 - NÚMERO DE CONTROL
campo de control BRCA_8942
005 - FECHA Y HORA DE LA ÚLTIMA TRANSACCIÓN
campo de control 20190320210451.0
008 - DATOS DE LONGITUD FIJA--INFORMACIÓN GENERAL
campo de control de longitud fija 300617s1772----sp-#######---#000-0#spa-#
041 ## - CÓDIGO DE LENGUA
Código de lengua del texto/banda sonora o título independiente spa
044 ## - CÓDIGO DEL PAÍS DE LA ENTIDAD EDITORA/PRODUCTORA
Código MARC del país sp
084 ## - OTRO NÚMERO DE CLASIFICACIÓN
Número de clasificación LE35
Número de documento/Ítem .M37 1772
100 1# - ENTRADA PRINCIPAL--NOMBRE DE PERSONA
Nombre de persona Marcoleta, Domingo de
Término indicativo de función/relación tr.
9 (RLIN) 22224
245 10 - MENCIÓN DE TÍTULO
Título Los intereses de la Francia mal entendidos
Resto del título destierro de errores comunes en la Agricultura, Industria, Comercio, Población, y Navegación: plan de sistema económico, en que se descubren los vicios con que se manejan estos Ramos, y se proponen los medios para poderlos reparar: tomo segundo
Mención de responsabilidad, etc. traducido del francés por D. Domingo de Marcoleta.
260 ## - PUBLICACIÓN, DISTRIBUCIÓN, ETC.
Lugar de publicación, distribución, etc. Madrid
Nombre del editor, distribuidor, etc. En la Oficina de Blas Román
Fecha de publicación, distribución, etc. 1772
300 ## - DESCRIPCIÓN FÍSICA
Extensión [6], 369 p. (t.2)
Dimensiones 15 x 10.5 cm
500 ## - NOTA GENERAL
Nota general Con licencia
500 ## - NOTA GENERAL
Nota general Estado físico: presenta encuadernación en pergamino y lomo semi desprendido
651 #4 - PUNTO DE ACCESO ADICIONAL DE MATERIA--NOMBRE GEOGRÁFICO
Nombre geográfico Francia
Subdivisión general Política económica
9 (RLIN) 22225
651 #4 - PUNTO DE ACCESO ADICIONAL DE MATERIA--NOMBRE GEOGRÁFICO
Nombre geográfico Francia
Subdivisión general Política y gobierno
9 (RLIN) 22226
651 #4 - PUNTO DE ACCESO ADICIONAL DE MATERIA--NOMBRE GEOGRÁFICO
Nombre geográfico Francia
Subdivisión general Condiciones económicas
9 (RLIN) 22227
902 ## - CATALOGADOR
Iniciales CFM
942 ## - ELEMENTOS DE PUNTO DE ACCESO ADICIONAL (KOHA)
Fuente del sistema de clasificación o colocación Library of Congress Classification
Tipo de ítem Koha Libros
Holdings
Estado de retiro Estado de pérdida Estado dañado No para préstamo Localización permanente Ubicación/localización actual Fecha de adquisición Total de préstamos Signatura topográfica completa Código de barras Fecha visto por última vez Precio válido a partir de Tipo de ítem Koha
El ejemplar forma parte de la colección y puede ser consultado según las políticas vigentes.       Biblioteca del Museo Franz Mayer (Rogerio Casas-Alatriste) Biblioteca del Museo Franz Mayer (Rogerio Casas-Alatriste) 30/06/2017   LE35 .M37 1772 CFM00265 22/03/2019 22/03/2019 Libros